Football - Les 10 Joueurs Blessés le Plus Longtemps - Statistiques

Statistiques générales
  • Ce quiz a été pris 298 fois
  • Le résultat moyen est 6 sur 10
Statistiques - réponses
Rang Jours Absents Poste Clubs Principaux Nationalité Joueur % Correct
7 1363 Attaquant OM / Bayern Munich / Fiorentina / Salernitana France Franck Ribéry
84%
3 1507 Attaquant Groningue / PSV / Chelsea / Real Madrid / Bayern Munich / Groningue Pays-Bas Arjen Robben
79%
1 1747 Milieu Auxerre / Arsenal / OM France Abou Diaby
73%
9 1313 Milieu Borussia Mönchengladbach / Borussia Dortmund Allemagne Marcos Reus
71%
5 1419 Défenseur Hambourg / Manchester City / Anderlecht Belgique Vincent Kompany
71%
8 1324 Attaquant Cruzeiro / PSV / FC Barcelone / Inter Milan / Real Madrid / AC Milan Brésil Ronaldo Nazario
52%
2 1510 Attaquant Fiorentina / Manchester City / Inter Milan / Séville / Monaco / Hertha / Olympiakos Monténégro Stevan Jovetic
49%
6 1366 Défenseur Ajax / Arsenal / FC Barcelone / AS Rome / Vissel Kobe Belgique Thomas Vermaelen
44%
4 1470 Milieu West Ham / Bournemouth / Arsenal Angleterre Jack Wilshere
40%
10 1305 Défenseur Bayern Munich / Schalke / Stuttgart Allemagne Holger Badstuber
10%
Aucun quiz correspondant
Distribution des résultats
% des personnes avec chaque résultat
Percentile par nombre de réponses
Votre historique - résultats
Vous n’avez pas pris ce quiz